000 00495nam a2200169Ia 4500
008 151213s9999 xx 000 0 und d
020 _a0-273-68598-8
100 _aJames C. Van Horne & John M. Wachowicz
245 _aFundamental Of Financial Management
_cJames C. Van Horne & John M. Wachowicz
250 _a12th
260 _aLondon
_bPrentic Hall
_c2005
300 _a4718 p.
650 _aFinance
650 _aFinance
700 _aJames C. Van Horne & John M. Wachowicz
999 _c3011
_d3011